000 01281cas a2200385 i 4500
001 11221643
003 CSPC
005 20260219112250.0
008 072024c2024 caubr po 0 a0eng c
010 _a 78646629
022 0 _a0163-3341
_21
032 _a997420
_bUSPS
035 _a(OCoLC)ocm04026654
040 _aCSPC
_beng
_cCSPC
_erda
050 0 0 _aHF5001
082 0 4 _2En86
222 0 _aEntrepreneur
_b(Online)
245 0 0 _aEntrepreneur.
264 1 _aIrvine, California :
_bEntrepreneur Media Inc.,
_c2024.
300 _avolumes :
_billustrations ;
_c27 cm.
310 _aBimonthly,
336 _2rdacontent
_atext
337 _2rdamedia
_aunmediated
338 _2rdacarrier
_avolume
504 _aIncludes bibliographical references
521 _aBachelor of Science in Entrepreneurship
650 7 _aSelf-employed.
_0(OCoLC)fst01111635
_vPeriodicals.
650 7 _aSuccess.
_2fast
_0(OCoLC)fst01137041
655 0 _aPeriodicals
_2fast
776 0 8 _iOnline version:
_tEntrepreneur (Santa Monica, Calif.)
_w(OCoLC)759097756
780 0 0 _tInternational entrepreneurs'
787 0 8 _x0163-3341
942 _2ddc
_cSERIALS
_n0
_h338/.005
999 _c27887
_d27887